| 000 | 00509nam a22001457a 4500 | ||
|---|---|---|---|
| 999 |
_c130489 _d130489 |
||
| 008 | 201015b ||||| |||| 00| 0 eng d | ||
| 050 | _aRT48.N875 1985 | ||
| 100 |
_aBellack, Janis P. and Bamford, Penny A. _949828 |
||
| 245 |
_aNursing assessment _ba multidimensional approach _cJanis P. Bellack and Penny A. Bamford |
||
| 260 |
_aCalifornia _bWadsworth Health Sciences Division _c1984 |
||
| 300 |
_axxiii, 582p. ; _c25cm. |
||
| 650 |
_aDiagnosis _949829 |
||
| 650 |
_aNursing _949830 |
||
| 942 |
_2lcc _cMONOGRAPH |
||